000 00535nam a22001577a 4500
005 20251108164347.0
008 250721s1992 xx 000 0 ara d
082 1 4 _a811.009/مجا
100 1 _aالمجالي، جهاد
245 1 0 _aطبقات الشعراء في النقد الأدبي عند العرب حتى نهاية القرن الثالث الهجري /
264 1 _aبيروت :
_bمكتبة دار الجيل،
_c1992.
300 _a226 ص.
650 1 7 _aالشعر العربي
942 _2ddc
_cBK
999 _c10250
_d10250